Detalles MARC
| 000 -LEADER |
| campo de control de longitud fija |
02367cam a22006014i 4500 |
| 003 - IDENTIFICADOR DE NÚMERO DE CONTROL |
| campo de control |
PE-LiUPU |
| 005 - FECHA Y HORA DE LA ÚLTIMA TRANSACCIÓN |
| campo de control |
20250731180100.0 |
| 008 - DATOS DE LONGITUD FIJA--INFORMACIÓN GENERAL |
| campo de control de longitud fija |
161205s2003 sp r 000 0 spa d |
| 020 ## - NÚMERO INTERNACIONAL ESTÁNDAR DEL LIBRO |
| Número Internacional Estándar del Libro |
8497421159 |
| 020 ## - NÚMERO INTERNACIONAL ESTÁNDAR DEL LIBRO |
| Número Internacional Estándar del Libro |
9788497421157 |
| 035 ## - NÚMERO DE CONTROL DEL SISTEMA |
| Número de control de sistema |
(Sirsi) a165511 |
| 040 ## - FUENTE DE CATALOGACIÓN |
| Centro catalogador/agencia de origen |
PE-LiUPU |
| Lengua de catalogación |
spa |
| Centro/agencia transcriptor |
PE-LiUPU |
| Normas de descripción |
rda |
| 049 ## - FONDOS LOCALES (OCLC) |
| Biblioteca depositaria |
PRUA |
| 082 04 - NÚMERO DE LA CLASIFICACIÓN DECIMAL DEWEY |
| Número de clasificación |
519.535 |
| Cutter |
C36 |
| Número de edición |
20 |
| 100 1# - ENTRADA PRINCIPAL--NOMBRE DE PERSONA |
| Nombre de persona |
Catena, Andrés, |
| Término indicativo de función/relación |
autor. |
| 245 10 - MENCIÓN DEL TÍTULO |
| Título |
Análisis multivariado : |
| Resto del título |
un manual para investigadores / |
| Mención de responsabilidad, etc. |
Andrés Catena [y dos más]. |
| 264 #1 - PRODUCCIÓN, PUBLICACIÓN, DISTRIBUCIÓN, FABRICACIÓN Y COPYRIGHT |
| Producción, publicación, distribución, fabricación y copyright |
Madrid : |
| Nombre del de productor, editor, distribuidor, fabricante |
Biblioteca Nueva, |
| Fecha de producción, publicación, distribución, fabricación o copyright |
2003. |
| 300 ## - DESCRIPCIÓN FÍSICA |
| Extensión |
413 páginas : |
| Otras características físicas |
ilustraciones ; |
| Dimensiones |
24 centímetros |
| 336 ## - TIPO DE CONTENIDO |
| Término de tipo de contenido |
text |
| Fuente |
rdacontent |
| 337 ## - TIPO DE MEDIO |
| Nombre/término del tipo de medio |
unmediated |
| Fuente |
rdamedia |
| 338 ## - TIPO DE SOPORTE |
| Nombre/término del tipo de soporte |
volume |
| Fuente |
rdacarrier |
| 490 0# - MENCIÓN DE SERIE |
| Mención de serie |
Serie psicología. |
| 504 ## - NOTA DE BIBLIOGRAFÍA, ETC. |
| Nota de bibliografía, etc. |
Bibliografía : páginas 389-393. |
| 504 ## - NOTA DE BIBLIOGRAFÍA, ETC. |
| Nota de bibliografía, etc. |
Índice : páginas 411-413. |
| 505 0# - NOTA DE CONTENIDO CON FORMATO |
| Nota de contenido con formato |
Introducción al análisis multivariado -- Análisis univariado de varianza -- Análisis de datos categóricos -- Análisis factorial y de componentes princioales -- Análisis de cluster -- Análisis de correlación canónica -- Análisis de supervivencia -- Análisis de regresión lineaj múltiple -- Análisis discriminante -- Análisis de regresión logística -- Modelos de ecuaciones estructurales. |
| 526 ## - NOTA DE INFORMACIÓN SOBRE EL PROGRAMA DE ESTUDIO |
| Nombre del programa |
Segunda Especialidad En Estadística Aplicada Para Investigación (A Distancia) |
| 526 ## - NOTA DE INFORMACIÓN SOBRE EL PROGRAMA DE ESTUDIO |
| Nombre del programa |
Segunda Especialidad En Estadística Aplicada Para Investigación |
| 526 ## - NOTA DE INFORMACIÓN SOBRE EL PROGRAMA DE ESTUDIO |
| Nombre del programa |
Odontología |
| 526 ## - NOTA DE INFORMACIÓN SOBRE EL PROGRAMA DE ESTUDIO |
| Nombre del programa |
Tecnología Médica En Terapia Física Y Rehabilitación (A Distancia) |
| 526 ## - NOTA DE INFORMACIÓN SOBRE EL PROGRAMA DE ESTUDIO |
| Nombre del programa |
Tecnología Médica En Terapia Física Y Rehabilitación (Semipresencial) |
| 526 ## - NOTA DE INFORMACIÓN SOBRE EL PROGRAMA DE ESTUDIO |
| Nombre del programa |
Tecnología Médica En Laboratorio Clínico Y Anatomía Patológica |
| 526 ## - NOTA DE INFORMACIÓN SOBRE EL PROGRAMA DE ESTUDIO |
| Nombre del programa |
Ingeniería De Ciencia De Datos E Inteligencia Artificial |
| 526 ## - NOTA DE INFORMACIÓN SOBRE EL PROGRAMA DE ESTUDIO |
| Nombre del programa |
Ingeniería Ambiental (Semipresencial) |
| 526 ## - NOTA DE INFORMACIÓN SOBRE EL PROGRAMA DE ESTUDIO |
| Nombre del programa |
Nutrición humana |
| 526 ## - NOTA DE INFORMACIÓN SOBRE EL PROGRAMA DE ESTUDIO |
| Nombre del programa |
Medicina humana |
| 526 ## - NOTA DE INFORMACIÓN SOBRE EL PROGRAMA DE ESTUDIO |
| Nombre del programa |
Ingeniería de industrias alimentarias |
| 526 ## - NOTA DE INFORMACIÓN SOBRE EL PROGRAMA DE ESTUDIO |
| Nombre del programa |
Ingeniería civil |
| 526 ## - NOTA DE INFORMACIÓN SOBRE EL PROGRAMA DE ESTUDIO |
| Nombre del programa |
Ingeniería ambiental |
| 526 ## - NOTA DE INFORMACIÓN SOBRE EL PROGRAMA DE ESTUDIO |
| Nombre del programa |
Enfermería |
| 526 ## - NOTA DE INFORMACIÓN SOBRE EL PROGRAMA DE ESTUDIO |
| Nombre del programa |
Educación secundaria, especialidad matemática e informática |
| 526 ## - NOTA DE INFORMACIÓN SOBRE EL PROGRAMA DE ESTUDIO |
| Nombre del programa |
Educación secundaria, especialidad ambiental, biología y química |
| 541 ## - NOTA DE FUENTE DE ADQUISICIÓN DIRECTA |
| -- |
0021-0002811; |
| 596 ## - |
| -- |
1 |
| 650 14 - PUNTO DE ACCESO ADICIONAL DE MATERIA--TÉRMINO DE MATERIA |
| Término de materia o nombre geográfico como elemento de entrada |
Análisis multivariante |
| Subdivisión de forma |
Manuales. |
| 650 24 - PUNTO DE ACCESO ADICIONAL DE MATERIA--TÉRMINO DE MATERIA |
| Término de materia o nombre geográfico como elemento de entrada |
Análisis de varianza |
| Subdivisión de forma |
Manuales. |
| 700 1# - ENTRADA AGREGADA--NOMBRE PERSONAL |
| Nombre de persona |
Ramos, Manuel M., |
| Término indicativo de función/relación |
autor. |
| 700 1# - ENTRADA AGREGADA--NOMBRE PERSONAL |
| Nombre de persona |
Trujillo, Humberto M., |
| Término indicativo de función/relación |
autor. |
| 910 ## - DATOS DE OPCIÓN DEL USUARIO (OCLC) |
| Datos de opción del usuario |
jck |
| -- |
ncf |
| -- |
ncf |
| -- |
20161205 |
| 942 ## - ELEMENTOS DE ENTRADA SECUNDARIOS (KOHA) |
| Fuente del sistema de clasificación o colocación |
Clasificación Decimal Dewey |
| Tipo de ítem Koha |
|
| 949 ## - PROCESAMIENTO DE INFORMACIÓN LOCAL (OCLC) |
| a |
519.535 C36 |
| w |
DEWEY |
| c |
1 |
| i |
75150 |
| l |
CATALOGING |
| m |
BUL |
| p |
46.85 |
| r |
0 |
| s |
Y |
| t |
BOOK |
| u |
05/12/16 |
| x |
FSALUD |
| -- |
P33 |
| 0 |
COMPRA |
| o |
.STAFF. Colección Ciencias de la Salud |
| 994 ## - |
| -- |
C0 |
| -- |
PEPRU |
| 999 ## - NÚMEROS DE CONTROL DE SISTEMA (KOHA) |
| -- |
DEWEY |
| -- |
75150 |
| -- |
2021-11-5 |
| -- |
5 |
| -- |
CCODEBUL1 |
| -- |
BUL |
| -- |
46.85 |
| -- |
0 |
| -- |
Y |
| -- |
BOOK |
| -- |
2016-12-5 |
| -- |
BIBLIOTECA |
| -- |
P33 |
| -- |
COMPRA |
| -- |
.STAFF. Colección Ciencias de la Salud |
| 980 ## - EQUIVALENCIA O REFERENCIA-CRUZADA-MENCIÓN DE SERIE--NOMBRE DE PERSONA/TÍTULO [LOCAL, CANADÁ] |
| ID del último usuario que modificó el registro |
1 |
| Nombre del último usuario que modificó el registro |
ALBERTO SANCHEZ Responsable de Automatización |